Normal view
MARC view
- Mental Health Nursing
Entry Corporate Name
001 - CONTROL NUMBER
- control field: 209314
003 - CONTROL NUMBER IDENTIFIER
- control field: OSt
005 - DATE AND TIME OF LATEST TRANSACTION
- control field: 20250110135102.0
008 - FIXED-LENGTH DATA ELEMENTS
- fixed length control field: 250110|| aca||aabn | a|a d
040 ## - CATALOGING SOURCE
- Original cataloging agency: OSt
- Transcribing agency: OSt
110 ## - HEADING--CORPORATE NAME
- Corporate name or jurisdiction name as entry element: Mental Health Nursing
670 ## - SOURCE DATA FOUND
- Source citation: Work cat.: (OSt)362500: Thangavel Vandana 209313, A Textbook Of Mental Health Nursing -i